Časované automaty II

Gespeichert in:
Bibliographische Detailangaben
1. Verfasser: Štrba, Juraj, 1987- (Verfasst von)
Weitere Verfasser: Flochová, Jana, 1959- (Betreuung Doktorarbeit)
Format: Manuskript Buch
Sprache:Slowakisch
Veröffentlicht: STU v Bratislave FIIT, 2009
Schlagworte:
Tags: Tag hinzufügen
Keine Tags, Fügen Sie das erste Tag hinzu!

MARC

LEADER 00000ntm a22000003a 4500
001 stu200453
005 20180221112906.6
008 100305s2009----xo------------------slo-d
040 |a STU  |b slo 
041 0 |a slo 
044 |a xo 
100 1 |a Štrba, Juraj,  |d 1987-  |4 aut  |u I100  |U FIIT Fakulta informatiky a informačných technológií  |T FIIT Ústav počítačových systémov a sietí  |X 35679  |U I100  |Y 178  |7 A000035679 
245 1 |a Časované automaty II 
260 |b STU v Bratislave FIIT,  |c 2009 
300 |a 52 s  |c príl. 
650 7 |a počítačové inžinierstvo  |2 stusub 
700 1 |a Flochová, Jana,  |d 1959-  |4 ths  |u I100  |U FIIT Fakulta informatiky a informačných technológií  |T FIIT Ústav počítačových systémov a sietí  |X 3540  |U I100  |Y 178  |7 3540 
996 |c I*BAP189/09  |l II680  |s P  |a 0  |w stu200453_0001